Términos claves para los estudios de movilidad en América Latina /

Gespeichert in:
Bibliographische Detailangaben
Weitere Verfasser: Zunino Singh, Dhan (HerausgeberIn), Giucci, Guillermo (HerausgeberIn), Jirón, Paola (editora)
Format: Buch
Sprache:Spanish
Veröffentlicht: Buenos Aires, Argentina Editorial Biblos 2018
Tags: Tag hinzufügen
Keine Tags, Fügen Sie den ersten Tag hinzu!

MARC

LEADER 00000nam a22000007a 4500
003 cru CRAI/IIS
005 20200116100749.0
008 200115t2018 ag |||||r|||| 00| 0 spa d
999 |c 42699  |d 42699 
020 |a 9789876916479 
040 |c cru CRAI/IIS 
090 |a 10.01.01 Z95t 
100 1 |a Zunino Singh, Dhan  |e editor  |9 8940 
245 1 |a Términos claves para los estudios de movilidad en América Latina /  |c Dhan Zunino Singh, Guillermo Giucci, Paola Jirón, editores 
260 |a Buenos Aires, Argentina  |b Editorial Biblos  |c 2018 
300 |a 251 páginas  
700 1 |9 8941  |a Giucci, Guillermo  |e editor 
700 1 |9 8942  |a Jirón, Paola   |e editora 
942 |2 ddc  |c LI